| 000 | 00383pab a2200169 454500 | ||
|---|---|---|---|
| 008 | 180718b2007 xxu||||| |||| 00| 0 eng d | ||
| 100 | _aPathak, Ganesh Kumar | ||
| 245 | _aACID rain: a global environmental problem | ||
| 260 | _c2007 | ||
| 300 | _ap.3-7. | ||
| 362 | _aApr-Jun | ||
| 650 | _aRain | ||
| 650 | _aAcid rain | ||
| 773 | _aBhagirath | ||
| 908 | _aN | ||
| 909 | _a84241 | ||
| 999 |
_c84241 _d84241 |
||